000 02191nam a2200325 a 4500
008 120416s1988 ||||||||||||||||| || u
020 _a007084187X
022 _a007084187x
050 _aTA 405 Die
100 _aDieter, George E
245 1 0 _aMechanical metallurgy
_cby George E. Dieter
250 _aSI Metric
260 _aLondon:
_bMcGraw-Hill
_c1988
300 _axxiii, 751p.: ill.
350 _a0.00
500 _aBibliography
650 _aPHYSICAL METALLURGY
650 0 _aSTRENGTH OF MATERIALS
650 _aMINING
995 _aBINDERY (DAMAGED)
_D0.00
_e727279
_FCBU-MAIN LIBRARY (Kitwe)
_H2
_I23.00
_jTA 405 DIE
_M1
_UDAMAGED
_y018045
_ZMain Library Open Access Collection
995 _aBINDERY (DAMAGED)
_D0.00
_e727277
_FCBU-MAIN LIBRARY (Kitwe)
_H1
_I23.00
_jTA 405 DIE
_M2
_UDAMAGED
_y018047
_ZMain Library Open Access Collection
995 _aTEXTBOOKS (MIN.ENG.)
_D195000.00
_e5135
_FCBU-SCHOOL TEXTBOOK COLLECTIONS
_H1
_I0.00
_jSCHOOL TEXTBOOK
_M6
_UAVAILABLE
_WAug 21, 2009
_y5135
_ZSchool Collections
995 _aTEXTBOOKS (MIN.ENG.)
_D195000.00
_e5131
_FCBU-SCHOOL TEXTBOOK COLLECTIONS
_H1
_I0.00
_jSCHOOL TEXTBOOK
_M8
_UAVAILABLE
_WAug 21, 2009
_y5131
_ZSchool Collections
995 _aTEXTBOOKS (MIN.ENG.)
_D195000.00
_e5132
_FCBU-SCHOOL TEXTBOOK COLLECTIONS
_H1
_I0.00
_jSCHOOL TEXTBOOK
_M10
_UAVAILABLE
_WAug 21, 2009
_y5132
_ZSchool Collections
995 _aTEXTBOOKS (MIN.ENG.)
_D195000.00
_e5133
_FCBU-SCHOOL TEXTBOOK COLLECTIONS
_H1
_I0.00
_jSCHOOL TEXTBOOK
_M7
_UAVAILABLE
_WAug 21, 2009
_y5133
_ZSchool Collections
995 _aTEXTBOOKS (MIN.ENG.)
_D195000.00
_e5134
_FCBU-SCHOOL TEXTBOOK COLLECTIONS
_H1
_I0.00
_jSCHOOL TEXTBOOK
_M9
_UAVAILABLE
_WAug 21, 2009
_y5134
_ZSchool Collections
995 _aMAIN LIBRARY OPEN ACCESS
_D0.00
_e713442
_FCBU-MAIN LIBRARY (Kitwe)
_H1
_I0.00
_jTA 405 DIE
_M4
_UAVAILABLE
_WApr 25, 2006
_y014197
_ZMain Library Open Access Collection
995 _aMAIN LIBRARY OPEN ACCESS
_D0.00
_e727278
_FCBU-MAIN LIBRARY (Kitwe)
_H3
_I23.00
_jTA 405 DIE
_M3
_UAVAILABLE
_y018046
_ZMain Library Open Access Collection
995 _aMAIN LIBRARY OPEN ACCESS
_D0.00
_e738571
_FCBU-MAIN LIBRARY (Kitwe)
_H1
_I0.00
_jTA 405 Die
_M5
_UAVAILABLE
_WSep 16, 2008
_y738571
_ZMain Library Open Access Collection
999 _c82825
_d82825